LEADER 01192nam a2200277 u 4500 001 000000057648 003 CaOOAMICUS 005 20070226120614.0 008 010514s1986 it cf u000 u ita u 035 $a10888723 040 $aPUL(R)$bita 041 1 $aita$hlat 100 1 $aBacon, Francis,$d1561-1626.$0(OLS)http://pul/name/5096 240 10$aNovum organum$9(Bacon, Francis, 1561-1626).$lItaliano.$0(OLS)http://pul/title/72070 245 10$aNovum organum /$cFrancesco Bacone ; a cura di Enrico De Mas ; con una iontroduzione di Armando Carlini. 260 $aBrescia :$bLa Scuola,$c1986. 300 $axxvi, 85 p., [1] c. di tav. :$britr. ;$c20 cm 490 1 $aIl pensiero 700 1 $aCarlini, Armando,$d1878-1959.$0(OLS)http://pul/name/3657 700 1 $aDe Mas, Enrico.$0(OLS)http://pul/name/9889 830 3$aIl pensiero.$0(OLS)http://pul/title/64099 850 $aPUL 852 $aPUL$W1$xDP1 Altre Collocazioni$y17$mSenza collocazione$j12$nBK-PRI$b $qStampati$B75364$CPULBib$Z2$F75364 $H $81 941 1 $a8 996 $6245$aNovum organum$9(OLS)http://pul/title/72071 996 $6260$aBrescia :$bLa Scuola$9(OLS)http://pul/publisher/48404 LEADER 01599nam a2200349 a 4500 001 000000173606 003 CaOOAMICUS 005 20200630101914.0 008 200630s2018 it u000 u ita r 020 $a978-88-7578-743-1* 032 $aLibriCat 040 $aPUL$bita 041 1 $aita$heng 082 04$a303.48 100 1 $aMorozov, Evgeny.$0(OLS)http://pul/name/111474 240 14$aThe net delusion : the dark side of internet freedom.$bItaliano.$0(OLS)http://pul/title/214786 245 13$aL' ingenuitą della rete :$bil lato oscuro della libertą di internet / $cEvgeny Morozov ; traduzione di Marilena Renda e Fjodor Ardizzoia. 260 $aTorino :$bCodice edizioni,$c©2018. 300 $aXVII, 360 p. ;$c22 cm 504 $aBibliografia in nota. 650 4$aInternet$xAspetti sociali e legali.$0(OLS)http://pul/subject/37629 650 4$aLibertą di informazione.$0(OLS)http://pul/subject/41804 700 1 $aRenda, Marilena.$0(OLS)http://pul/name/111475 700 1 $aArdizzoia, Fjodor.$0(OLS)http://pul/name/111476 850 $aPUL 852 $aPUL$W1$xSL Diritto e Scienze Sociali 3$y79$m303. 48 MOREV 1$j197604$qDDC 21$B202391$CPULBib$Z2$F202391 $H134302 $82 941 1 $a9 996 $6020$a978-88-7578-743-1*$9(OLS)http://pul/number/167602 996 $6082$a303.48$9(OLS)http://pul/classification/720 996 $6245$aL' ingenuitą della rete :$bil lato oscuro della libertą di internet / $9(OLS)http://pul/title/214787 996 $6260$aTorino :$bCodice edizioni$9(OLS)http://pul/publisher/81165